000 00674nam a2200241Ia 4500
003 OSt
005 20220926010418.0
006 a|||||r|||| 00| 0
007 ta
008 220923b |||||||| |||| 00| 0 eng d
037 _cGeneral Book
040 _aRTL
_cRTL
_beng
041 _2eng
_aeng
082 _aX:8C, N3
100 _aAgarwal S P
245 0 _aAdvanced financial accounting
_b Theory and practic
260 _a New Delhi
_bWiley Eastern India
_c1993
300 _axvi, 524p
_ccm.
650 _aFinancial Accounts
700 _a Jain P C
_9103481
942 _hX:8C, N3
_cGB
_2CC
999 _c617211
_d617211